Diccionario de la lengua castellana / por la Academia Española
Descripción Física:
788 p. ; 31 cm
Materias:
Castellà -- Diccionaris
MARC
| LEADER | 00000nam a2200000Ia 4500 | ||
|---|---|---|---|
| 001 | 11132 | ||
| 008 | 160829s1832 xx 000 0 cat d | ||
| 080 | |a L-1-326 | ||
| 100 | |a Real Academia Española |9 11680 | ||
| 245 | |a Diccionario de la lengua castellana / por la Academia Española | ||
| 250 | |a 7a ed. | ||
| 260 | |a Madrid : |b Imprenta Real, |c 1832 | ||
| 300 | |a 788 p. ; |c 31 cm | ||
| 650 | 0 | |a Castellà |v Diccionaris |9 11681 | |
| 901 | |a Arxiu | ||
| 942 | |n 1 | ||
| 952 | |0 0 |1 0 |4 0 |6 L1326 |7 1 |9 48038 |a Arxiu |b Arxiu |d 2016-12-01 |l 0 |o L-1-326 |p 11132 |r 2016-12-01 00:00:00 |w 2016-12-01 |y ARXIU | ||
| 999 | |c 51839 |d 51839 | ||